000 00765nam a22002177a 4500
999 _c11304
_d11304
003 AR-CdUCM
008 190403b ||||| |||| 00| 0 spa d
020 _a958-05-0594-2
040 _aMUNICIPALIDAD PROVINCIAL DEL CUSCO
_cBIBLIOTECA MUNICIPAL DEL CUSCO
082 _aEP / 372.357 /
_bC34
100 _aCastillo Morales, Juan
_928611
245 _aPersonal Social 4 /
260 _aLima :
_bPrisma.
300 _a136 páginas ;
_bIlustraciones
_c28 cm
505 _aContenido: Autoestima y estima por el otro -- Cuido mi salud personal y colectiva -- Convivencia democrática -- Sentimiento de pertenencia
650 _aSociales
_928612
650 _aPersonal Social
_928613
650 _aEducación primaria
_91561
942 _2ddc
_cLIBROS
945 _anom